Normal view
MARC view
- الدول النامية - سياسة اجتماعية
Entry Topical Term
001 - CONTROL NUMBER
- control field: 52766
003 - CONTROL NUMBER IDENTIFIER
- control field: JO-AjAnu
005 - DATE AND TIME OF LATEST TRANSACTION
- control field: 20230606082654.0
008 - FIXED-LENGTH DATA ELEMENTS
- fixed length control field: 230606|| aca||aabn | a|a d
040 ## - CATALOGING SOURCE
- Original cataloging agency: JO-AjAnu
- Transcribing agency: JO-AjAnu
150 ## - HEADING--TOPICAL TERM
- Topical term or geographic name entry element: الدول النامية - سياسة اجتماعية
670 ## - SOURCE DATA FOUND
- Source citation: Work cat.: (JO-AjAnu)26961: تأليف السمالوطي، نبيل ؛ تقديم محمد عاطف غيث, author 52765, علم اجتماع التنمية: دراسة في اجتماعيات العالم الثالث